| 000 | 00952nam a2200241 a 4500 | ||
|---|---|---|---|
| 001 | 71410 | ||
| 003 | BD-RjUL | ||
| 005 | 20211209082117.0 | ||
| 008 | 170503s1989 bg ||||| b||| 00| 0 ben d | ||
| 020 | _c : Tk. 320.00 | ||
| 035 | _a(BD-RjUL)71626 | ||
| 040 |
_aBD-RjUL _bben _cBD-RjUL _dBD-RjUL |
||
| 041 | _aben | ||
| 082 |
_223 _bJAB 1989 _a346.075492 |
||
| 100 | 1 | 0 |
_aজলিল, আবদুল _9163203 |
| 245 | 1 | 0 |
_aবাংলাদেশের বাণিজ্যিক ও শিল্প আইন / _cআবদুুল জলিল |
| 260 |
_aঢাকা : _bবাংলা একাডেমী, _c১৯৮৯ |
||
| 300 |
_a৮৪০ পৃ. ; _c২২ সেমি. |
||
| 504 | _aগ্রন্থপঞ্জি সম্বলিত | ||
| 650 |
_aবাণিজ্যিক ও শিল্প আইন _zবাংলাদেশ _9211289 |
||
| 650 |
_aCommercial & Industrious Law _zBangladesh _9211290 |
||
| 942 |
_2ddc _cBK |
||
| 999 |
_c71410 _d71410 |
||